| 000 | 00541nam a2200181 a 4500 | ||
|---|---|---|---|
| 005 | 20140412111344.0 | ||
| 008 | 040524s19uu xx 00 eng d | ||
| 020 | _a0-07-572848-6 | ||
| 050 |
_aTR(GS 372.4 _bESL47 2002 |
||
| 245 | _aESL Supplement Guide (Green), Level 2. | ||
| 250 | _aRevised Edition | ||
| 260 |
_aColumbus, Ohio : _bSRA/McGraw-Hill, _c2002. |
||
| 300 | _axx p. 240 p. | ||
| 440 | _aSRA Open Court Reading | ||
| 650 | _aReading--Study and teaching | ||
| 650 | _aEnglish language--Study and teaching | ||
| 999 |
_c105174 _d105174 |
||